| 000 | 01483cam a2200373 i 4500 | ||
|---|---|---|---|
| 001 | 20098268 | ||
| 003 | NUST | ||
| 005 | 20250515123108.0 | ||
| 008 | 171026t20182018njua 001 0 eng c | ||
| 010 | _a 2017046041 | ||
| 020 |
_a9781119347248 _q(pbk.) |
||
| 040 |
_aWaSeSS/DLC _beng _cWaSeSS _erda _dDLC |
||
| 042 | _apcc | ||
| 050 | 0 | 0 |
_aQD262 _b.S812 2018 |
| 082 | 0 | 0 |
_a547.2 _223 _bSTA |
| 100 | 1 |
_aStarkey, Laurie Shaffer, _d1969- _eauthor. _9128959 |
|
| 245 | 1 | 0 |
_aIntroduction to Strategies for Organic Synthesis _cLaurie S. Starkey, California State Polytechnic University, Pomona, CA, USA. |
| 250 | _aSecond edition. | ||
| 264 | 1 |
_aHoboken, NJ : _bWiley, _c2018. |
|
| 300 |
_axxi, 399 pages : _billustrations ; _c23 cm |
||
| 336 |
_atext _2rdacontent |
||
| 337 |
_aunmediated _2rdamedia |
||
| 338 |
_avolume _2rdacarrier |
||
| 440 |
_aIntroduction to Strategies for Organic Synthesis _9128960 |
||
| 500 | _aIncludes index. | ||
| 590 | _6xn11 2018-09-24 1 copy | ||
| 600 |
_aLaurie S. Starkey, _9128961 |
||
| 650 | 0 |
_aOrganic compounds _xSynthesis. _9128962 |
|
| 700 |
_aLaurie S. Starkey, _9128961 |
||
| 776 | 0 | 8 |
_aStarkey, Laurie Shaffer, 1969- author. _tIntroduction to strategies for organic synthesis _bSecond edition. _dHoboken, NJ : John Wiley & Sons, 2018 _z9781119347231 _w(DLC) 2017052512 |
| 906 |
_a7 _bcbc _corignew _d1 _eecip _f20 _gy-gencatlg |
||
| 942 |
_2ddc _cBK _e2nd _k547.2 _m547.2 STA2018 |
||
| 999 |
_c613720 _d613720 |
||